All Member Cities of the OICC - Statistics

General Stats
  • This quiz has been taken 262 times
    259 since last reset
  • The average score is 68 of 155
Answer Stats
Membership Country Answer % Correct
Active Afghanistan Kabul
99%
Active Azerbaijan Baku
96%
Active Bangladesh Dhaka
95%
Active Albania Tirana
95%
Active Egypt Cairo
93%
Active Jordan Ma'an
93%
Active Iraq Baghdad
91%
Active Iran Tehran
91%
Active Egypt Alexandria
90%
Active Qatar Doha
89%
Active Pakistan Islamabad
88%
Active Indonesia Jakarta
88%
Active Kuwait Kuwait City
88%
Active Lebanon Beirut
87%
Active Malaysia Kuala Lumpur
87%
Active Saudi Arabia Riyadh
86%
Active Lebanon | Libya Tripoli
86%
Active United Arab Emirates Abu Dhabi
85%
Active Turkey Ankara
85%
Active Morocco Casablanca
85%
Active Senegal Dakar
85%
Active Syria Damascus
85%
Active United Arab Emirates Dubai
85%
Active Turkey Istanbul
85%
Active Saudi Arabia Mecca
85%
Active Oman Muscat
85%
Active Jordan Amman
84%
Active Bahrain Manama
84%
Active Morocco Rabat
84%
Observer Bosnia and Herzegovina Sarajevo
84%
Active Tunisia Tunis
84%
Active Sudan Khartoum
83%
Active Sudan Khartoum Bahri
83%
Active Nigeria Lagos
82%
Active Somalia Mogadishu
82%
Active Yemen Sana'a
82%
Active Uzbekistan Tashkent
82%
Active Cameroon Yaounde
81%
Active Guinea-Bissau Bissau
79%
Active Palestine* Gaza
79%
Active Chad N'Djamena
79%
Active Burkina Faso Ouagadougou
79%
Active Maldives Male
78%
Active Brunei Bandar Seri Begawan
77%
Active Kazakhstan Almaty
76%
Active Saudi Arabia Medina
76%
Active Morocco Fez
75%
Active Turkey Izmir
75%
Active Niger Niamey
75%
Active Turkmenistan Ashgabat
74%
Active Guinea Conakry
74%
Active Sierra Leone Freetown
73%
Active Uganda Kampala
73%
Active Egypt Luxor
73%
Active Mali Bamako
72%
Active Tajikistan Dushanbe
72%
Active Morocco Marrakesh
72%
Active Libya Benghazi
70%
Active Mozambique Maputo
70%
Active Suriname Paramaribo
69%
Active Gabon Libreville
67%
Active Benin Porto-Novo
66%
Active Gambia Banjul
65%
Active Mauritania Nouakchott
63%
Observer Northern Cyprus* Nicosia
62%
Active Palestine* Jerusalem
61%
Active Comoros Moroni
59%
Active Iran Isfahan
58%
Active Iraq Basrah
57%
Active Palestine* Ramallah
57%
Active Yemen Aden
51%
Observer Spain Granada
50%
Active Iran Mashhad
49%
Active Turkey Bursa
47%
Active Iran Shiraz
47%
Active Tunisia Sfax
45%
Active Saudi Arabia Dammam
44%
Active Uzbekistan Samarkand
43%
Active United Arab Emirates Sharjah
39%
Active Nigeria Abuja
38%
Active Iran Tabriz
38%
Active Turkey Gaziantep
37%
Observer Russia Kazan
29%
Active Tunisia Sousse
29%
Active Turkey Konya
28%
Active Morocco Tanger
23%
Active Palestine* Hebron
22%
Active Uzbekistan Bukhara
21%
Active Turkey Edirne
21%
Active Palestine* Jericho
21%
Active Sudan Omdurman
21%
Active Oman Dhofar
20%
Observer Northern Cyprus* Famagusta
18%
Active United Arab Emirates Ras al-Khaimah
18%
Active Syria Latakia
17%
Active United Arab Emirates Ajman
16%
Active Morocco Meknes
15%
Active Turkey Mersin
14%
Active Jordan Irbid
12%
Active Palestine* Jenin
12%
Active Jordan Zarqa
12%
Active Morocco Laayoune
11%
Active Palestine* Nablus
11%
Active Senegal Thies
11%
Active Mali Tombouctou
11%
Active Egypt Tanta
9%
Active Tunisia Gabes
7%
Active Jordan Al Karak
6%
Active Saudi Arabia Hofuf
6%
Active Tunisia Kairouan
6%
Observer Northern Cyprus* Kyrenia
6%
Active Egypt Mansoura
6%
Active Morocco Oujda
6%
Active Egypt Qena
6%
Active Saudi Arabia Tabuk
6%
Active Saudi Arabia Taif
6%
Active Saudi Arabia Abha
5%
Active Tunisia Bizerte
5%
Active Saudi Arabia Najran
5%
Active Bahrain Northern Governorate
5%
Active Turkey Sanliurfa
5%
Active Oman Sohar
5%
Active Saudi Arabia Arar
4%
Active Jordan As-Salt
4%
Active Libya Derna
4%
Active Saudi Arabia Jizan
4%
Active Jordan Mafraq
4%
Active Cameroon Ngaoundere
4%
Active Oman Nizwa
4%
Observer Portugal Silves
4%
Active Bahrain Southern Governorate
4%
Active Egypt Banha
3%
Active Palestine* Beit Ula
3%
Active Tunisia Beja
3%
Active Saudi Arabia Buraidah
3%
Active Egypt Desouk
3%
Active Iran Kashan
3%
Observer Philippines Marawi
3%
Active Cameroon Nganha
3%
Active Palestine* Qalqilya
3%
Active Palestine* Sa'ir
3%
Active Saudi Arabia Sakakah
3%
Active Yemen Tarim
3%
Active Palestine* Tulkarm
3%
Active Saudi Arabia Al Bahah
2%
Active Senegal Diourbel
2%
Active Palestine* Jabalia - Al Nazlah
2%
Active Egypt Kafr El-Sheikh
2%
Active Egypt Shibin El Kom
2%
Active Senegal Tivaouane
2%
Active Tunisia Tozeur
2%
Active Palestine* Western Bani Zaid
2%
Active Tunisia Mahdia
1%
Active Tunisia Tabarka
1%
No matching quizzes found
Score Distribution
Percent of People with Each Score
Percentile by Number Answered
Your Score History
You have not taken this quiz since the last reset